| 000 | 00711nam a2200229Ii 4500 | ||
|---|---|---|---|
| 003 | JO-AjNU | ||
| 005 | 20240623135429.0 | ||
| 008 | 230605s9999||||xx |||||||||||||| ||und|| | ||
| 040 |
_aJO-AjNU _bara _erda _cJO-AjNU |
||
| 041 | _aara | ||
| 050 | 1 | 4 | _aBP135.I28 1988 |
| 100 | 3 |
_aتاليف ابن تيمية، شيخ الإسلام, _eauthor _913408 |
|
| 245 | 0 | 0 | _aرفع الملام عن الأئمة الأعلام |
| 250 | _aط2 | ||
| 260 |
_aبيروت : _bدار الكتب العلمية، _c1988 |
||
| 300 | _a80ص | ||
| 336 |
_atext _btxt _2rdacontent |
||
| 337 |
_aunmediated _bn _2rdamedia |
||
| 338 |
_avolume _bnc _2rdacarrier |
||
| 650 | 4 |
_aالاسلام - الائمة _913409 |
|
| 942 |
_2lcc _cBK |
||
| 999 |
_c6899 _d6899 |
||